| 000 | 00403nam a2200157 a 4500 | ||
|---|---|---|---|
| 005 | 20251018162757.0 | ||
| 008 | 251018s1983##################000#0#eng## | ||
| 020 | _a0824718194 | ||
| 082 | 0 | 4 |
_a589.2048761 _bBEN.5 |
| 100 | 1 | _aBennett, | |
| 245 | 1 | 0 | _aSecondary Metabolism and Differentiation in Fungi : |
| 260 |
_bCRC Press, _c1983. |
||
| 300 | _a504 pages | ||
| 650 | 0 | _aScience. | |
| 942 | _cENGLISH | ||
| 999 |
_c592413 _d592413 |
||